00663nam a22002177a 450000500170000001000130001702000110003003500130004103700160005404000120007008200180008210000230010024500890012326000580021227000670027030000200033765000260035765000280038370000160041170000180042720170124110222.0 aB-008699 c550.00 aB-008699 bCen Lib/Ret aDPLbEN a338.642bVYA  aVyas, Jay Narayan  aSmall scale industry hand book /cby Jay Narayan Vyas, D.R. Patel [and] Ashish Joshi aAhemedabadbSapna industrial and allied publications  bAhemedabada101, Shreyas.opp, Jain temple, Navragpura e380009 a336p.c23cm(Hb) aIndustry development  aSmall scale industryz  aPatel, D.R. aJoshi, Ashish